Our Physical World

Bibliographic Details
Main Author: Chandran Jeshurun,Dr
Format: Book
Language:English
Published: Kuala Lumpur : Arus Intelek Sdn.Bhd. , 2004
Series:My S & T Data Bank Series
Subjects:

MARC

LEADER 00000cam a2200000 7i4500
001 0000064876
005 20110124.0
008 090210 eng
020 |a 9831502191 
090 0 0 |a J 500 SER 
100 1 |a Chandran Jeshurun,Dr. 
245 1 0 |a Our Physical World   |c compiled by Dr. Chandran Jeshurun 
260 |a Kuala Lumpur :   |b Arus Intelek Sdn.Bhd. ,   |c 2004 
300 |a 25p. :   |b ill.col. ;   |c 24cm. 
440 0 |a My S & T Data Bank Series 
650 0 0 |a Science 
999 |a 0000068469   |b Buku   |c Koleksi Pinjaman Kanak-Kanak   |e Perbadanan Perpustakaan Awam Melaka 
999 |a 0000068470   |b Buku   |c Koleksi Pinjaman Kanak-Kanak   |e Perpustakaan Cawangan Jasin 
999 |a 0000068471   |b Buku   |c Koleksi Pinjaman Kanak-Kanak   |e Perpustakaan Cawangan Masjid Tanah 
999 |a 0000068472   |b Buku   |c Koleksi Pinjaman Kanak-Kanak   |e Perpustakaan Cawangan Merlimau 
999 |a 0000099374   |b Buku   |c Koleksi Pinjaman Kanak-Kanak   |e Perbadanan Perpustakaan Awam Melaka 
999 |a 0000099375   |b Buku   |c Koleksi Pinjaman Kanak-Kanak   |e Perbadanan Perpustakaan Awam Melaka 
999 |a 314415   |b Buku   |c Koleksi Pinjaman Kanak-Kanak   |e Perbadanan Perpustakaan Awam Melaka 
999 |a 314416   |b Buku   |c Koleksi Pinjaman Kanak-Kanak   |e Perbadanan Perpustakaan Awam Melaka